000
00259nam a22001217a 4500
003
SGT
082
_a
823
_b
ISH
100
_a
ISHIGURO KAZUO
245
_a
THE REMAINS OF THE DAY
260
_a
LONDON
_b
FABER & FABER
_c
2005
300
_a
258
942
_2
ddc
_c
BK
999
_c
33894
_d
33894